[Event "ODJM B 2024"]
[Site "Willingen GER"]
[Date "2024.05.19"]
[Round "1"]
[White "Menke, Raphael Wilhelm"]
[Black "Mahr, Thorben"]
[Result "1-0"]
[Termination "normal"]
[Board "31"]
[WhiteElo "1776"]
[BlackElo "1496"]
[WhiteClock "00:41:13"]
[BlackClock "00:52:03"]
[PlyCount "109"]
[WhiteFideId "34621008"]
[BlackFideId "34699589"]
[EventCountry "GER"]
[EventRounds "9"]
[EventType "swiss"]
[EventDate "2024.05.18"]

1. e4 {[%clk 01:30:57]} {[%emt 00:00:02]} e5 {[%clk 01:30:50]} {[%emt
00:00:11]} 2. Nf3 {[%clk 01:31:19]} {[%emt 00:00:08]} Nc6 {[%clk 01:31:08]}
{[%emt 00:00:12]} 3. d4 {[%clk 01:31:42]} {[%emt 00:00:06]} exd4 {[%clk
01:27:59]} {[%emt 00:03:40]} 4. Nxd4 {[%clk 01:31:26]} {[%emt 00:00:46]} Bc5
{[%clk 01:24:16]} {[%emt 00:04:13]} 5. Be3 {[%clk 01:31:28]} {[%emt 00:00:28]}
Qf6 {[%clk 01:21:09]} {[%emt 00:03:37]} 6. c3 {[%clk 01:30:17]} {[%emt
00:01:41]} Nge7 {[%clk 01:20:02]} {[%emt 00:01:36]} 7. Be2 {[%clk 01:29:05]}
{[%emt 00:01:42]} d6 {[%clk 01:18:38]} {[%emt 00:01:55]} 8. O-O {[%clk
01:24:41]} {[%emt 00:04:54]} Nxd4 {[%clk 01:16:53]} {[%emt 00:02:15]} 9. cxd4
{[%clk 01:20:06]} {[%emt 00:05:05]} Bb6 {[%clk 01:17:08]} {[%emt 00:00:14]} 10.
Qd2 {[%clk 01:19:26]} {[%emt 00:01:10]} Nc6 {[%clk 01:16:54]} {[%emt 00:00:45]}
11. Rd1 {[%clk 01:17:51]} {[%emt 00:02:05]} O-O {[%clk 01:15:57]} {[%emt
00:01:27]} 12. Nc3 {[%clk 01:14:20]} {[%emt 00:04:01]} Re8 {[%clk 01:14:48]}
{[%emt 00:01:39]} 13. Bf3 {[%clk 01:13:09]} {[%emt 00:01:41]} Qg6 {[%clk
01:14:23]} {[%emt 00:00:55]} 14. Nd5 {[%clk 01:10:43]} {[%emt 00:02:54]} Bd7
{[%clk 01:13:07]} {[%emt 00:01:48]} 15. a4 {[%clk 01:10:02]} {[%emt 00:01:12]}
a5 {[%emt 00:01:48]} 16. b3 {[%clk 01:07:57]} {[%emt 00:02:12]} Ne7 {[%clk
01:10:30]} {[%emt 00:02:09]} 17. Nf4 {[%clk 00:58:46]} {[%emt 00:09:43]} Qh6
{[%clk 01:05:30]} {[%emt 00:05:31]} 18. Ne2 {[%clk 00:56:34]} {[%emt 00:02:41]}
Qg6 {[%clk 01:04:56]} {[%emt 00:01:02]} 19. Ng3 {[%clk 00:56:22]} {[%emt
00:00:43]} Bg4 {[%clk 01:04:54]} {[%emt 00:00:30]} 20. Bxg4 {[%clk 00:52:12]}
{[%emt 00:04:43]} Qxg4 {[%clk 01:05:08]} {[%emt 00:00:15]} 21. f3 {[%clk
00:52:24]} {[%emt 00:00:18]} Qe6 {[%clk 01:05:15]} {[%emt 00:00:21]} 22. Qc3
{[%clk 00:51:58]} {[%emt 00:00:59]} Nd5 {[%clk 01:04:54]} {[%emt 00:00:51]} 23.
Qd2 {[%clk 00:49:50]} {[%emt 00:02:37]} Nxe3 {[%clk 01:04:07]} {[%emt
00:01:18]} 24. Qxe3 {[%clk 00:50:07]} {[%emt 00:00:13]} d5 {[%clk 01:04:10]}
{[%emt 00:00:27]} 25. Qc3 {[%clk 00:47:41]} {[%emt 00:02:56]} dxe4 {[%clk
01:02:53]} {[%emt 00:01:47]} 26. fxe4 {[%clk 00:47:02]} {[%emt 00:01:08]} Rad8
{[%clk 01:03:01]} {[%emt 00:00:22]} 27. Kh1 {[%clk 00:47:04]} {[%emt 00:00:28]}
Qf6 {[%clk 01:02:09]} {[%emt 00:01:22]} 28. e5 {[%clk 00:46:05]} {[%emt
00:01:30]} Qf4 {[%clk 01:02:23]} {[%emt 00:00:12]} 29. Ne2 {[%clk 00:45:06]}
{[%emt 00:01:31]} Qg4 {[%clk 01:02:24]} {[%emt 00:00:22]} 30. Rd2 {[%clk
00:44:17]} {[%emt 00:01:26]} Re7 {[%clk 01:01:50]} {[%emt 00:01:06]} 31. Rad1
{[%clk 00:43:17]} {[%emt 00:01:25]} Red7 {[%clk 01:02:01]} {[%emt 00:00:22]}
32. Qf3 {[%clk 00:42:23]} {[%emt 00:01:24]} Qxf3 {[%clk 01:01:22]} {[%emt
00:01:11]} 33. gxf3 {[%clk 00:42:44]} {[%emt 00:00:09]} c5 {[%clk 01:00:40]}
{[%emt 00:01:11]} 34. d5 {[%clk 00:41:39]} {[%emt 00:01:35]} Bc7 {[%clk
01:00:34]} {[%emt 00:00:36]} 35. f4 {[%clk 00:40:40]} {[%emt 00:01:29]} g5
{[%clk 01:00:46]} {[%emt 00:00:19]} 36. d6 {[%clk 00:40:46]} {[%emt 00:00:24]}
Bb8 {[%clk 00:59:47]} {[%emt 00:01:29]} 37. fxg5 {[%clk 00:40:56]} {[%emt
00:00:19]} Kg7 {[%clk 01:00:12]} {[%emt 00:00:05]} 38. Nf4 {[%clk 00:40:29]}
{[%emt 00:00:57]} Rh8 {[%clk 00:59:29]} {[%emt 00:01:11]} 39. Rd5 {[%clk
00:40:24]} {[%emt 00:00:37]} b6 {[%clk 00:59:45]} {[%emt 00:00:14]} 40. Nh5+
{[%clk 00:39:02]} {[%emt 00:01:52]} Kg6 {[%clk 00:59:50]} {[%emt 00:00:26]} 41.
Nf6 {[%clk 00:39:18]} {[%emt 00:00:14]} Rdd8 {[%clk 01:00:01]} {[%emt
00:00:17]} 42. Rf1 {[%clk 00:38:13]} {[%emt 00:01:35]} Kxg5 {[%clk 00:57:39]}
{[%emt 00:02:54]} 43. e6+ {[%clk 00:37:27]} {[%emt 00:01:16]} Kg6 {[%clk
00:57:28]} {[%emt 00:00:34]} 44. e7 {[%clk 00:37:47]} {[%emt 00:00:16]} Rxd6
{[%clk 00:52:42]} {[%emt 00:05:16]} 45. Rxd6 {[%clk 00:38:00]} {[%emt
00:00:18]} Bxd6 {[%clk 00:53:03]} {[%emt 00:00:09]} 46. e8=Q {[%emt 00:00:09]}
Rxe8 {[%emt 00:00:02]} 47. Nxe8 {[%clk 00:38:07]} {[%emt 00:00:12]} Be5 {[%clk
00:53:00]} {[%emt 00:00:28]} 48. Rd1 {[%clk 00:38:32]} {[%emt 00:00:09]} f5
{[%clk 00:51:42]} {[%emt 00:01:48]} 49. Nd6 {[%clk 00:38:54]} {[%emt 00:00:08]}
f4 {[%clk 00:51:41]} {[%emt 00:00:32]} 50. Nc4 {[%clk 00:39:18]} {[%emt
00:00:05]} Bc7 {[%clk 00:51:54]} {[%emt 00:00:16]} 51. Rd7 {[%clk 00:39:42]}
{[%emt 00:00:08]} b5 {[%clk 00:51:27]} {[%emt 00:00:56]} 52. axb5 {[%clk
00:39:55]} {[%emt 00:00:17]} Bb8 {[%clk 00:51:18]} {[%emt 00:00:33]} 53. Rb7
{[%clk 00:40:19]} {[%emt 00:00:12]} f3 {[%clk 00:51:39]} {[%emt 00:00:09]} 54.
Rxb8 {[%clk 00:40:45]} {[%emt 00:00:05]} f2 {[%clk 00:52:03]} {[%emt 00:00:05]}
55. Kg2 {[%clk 00:41:13]} {[%emt 00:00:03]} 1-0

[Event "ODJM B 2024"]
[Site "Willingen GER"]
[Date "2024.05.19"]
[Round "1"]
[White "Mlynarski, Milosz"]
[Black "Tomi, Emilian"]
[Result "0-1"]
[Termination "normal"]
[Board "32"]
[WhiteElo "1663"]
[BlackElo "1649"]
[WhiteClock "00:10:17"]
[BlackClock "00:20:28"]
[PlyCount "64"]
[WhiteFideId "34636854"]
[BlackFideId "34651829"]
[EventCountry "GER"]
[EventRounds "9"]
[EventType "swiss"]
[EventDate "2024.05.18"]

1. d4 {[%clk 01:30:53]} {[%emt 00:00:05]} Nf6 {[%clk 01:30:58]} {[%emt
00:00:03]} 2. c4 {[%clk 01:31:16]} {[%emt 00:00:07]} e6 {[%clk 01:31:25]}
{[%emt 00:00:03]} 3. Nc3 {[%clk 01:31:23]} {[%emt 00:00:23]} Bb4 {[%clk
01:31:46]} {[%emt 00:00:09]} 4. f3 {[%clk 01:31:22]} {[%emt 00:00:31]} d5
{[%clk 01:29:09]} {[%emt 00:03:07]} 5. a3 {[%clk 01:31:37]} {[%emt 00:00:14]}
Bxc3+ {[%clk 01:28:24]} {[%emt 00:01:16]} 6. bxc3 {[%clk 01:29:23]} {[%emt
00:02:44]} h6 {[%clk 01:28:46]} {[%emt 00:00:08]} 7. cxd5 {[%clk 01:27:36]}
{[%emt 00:02:17]} exd5 {[%clk 01:29:06]} {[%emt 00:00:10]} 8. e3 {[%clk
01:27:51]} {[%emt 00:00:14]} O-O {[%clk 01:25:12]} {[%emt 00:04:24]} 9. Bd3
{[%clk 01:27:45]} {[%emt 00:00:36]} Re8 {[%clk 01:22:08]} {[%emt 00:03:35]} 10.
Ne2 {[%clk 01:27:08]} {[%emt 00:01:06]} c5 {[%clk 01:20:16]} {[%emt 00:02:22]}
11. O-O {[%clk 01:26:54]} {[%emt 00:00:44]} Nc6 {[%clk 01:18:13]} {[%emt
00:02:33]} 12. Ng3 {[%clk 01:21:39]} {[%emt 00:05:45]} Bd7 {[%clk 01:16:18]}
{[%emt 00:02:26]} 13. e4 {[%clk 01:19:19]} {[%emt 00:02:49]} cxd4 {[%clk
01:07:29]} {[%emt 00:09:19]} 14. exd5 {[%clk 01:19:37]} {[%emt 00:00:13]} Nxd5
{[%clk 01:06:25]} {[%emt 00:01:33]} 15. cxd4 {[%clk 01:19:57]} {[%emt
00:00:10]} Qb6 {[%clk 00:59:02]} {[%emt 00:07:54]} 16. Bc4 {[%clk 01:04:08]}
{[%emt 00:16:19]} Nc3 {[%clk 00:53:27]} {[%emt 00:06:04]} 17. Qd3 {[%clk
01:03:58]} {[%emt 00:00:40]} Qxd4+ {[%clk 00:52:04]} {[%emt 00:01:54]} 18. Qxd4
{[%clk 01:04:06]} {[%emt 00:00:22]} Nxd4 {[%clk 00:52:30]} {[%emt 00:00:04]}
19. Bb2 {[%clk 01:02:51]} {[%emt 00:01:45]} Nce2+ {[%clk 00:52:44]} {[%emt
00:00:15]} 20. Nxe2 {[%clk 00:58:08]} {[%emt 00:05:14]} Nxe2+ {[%clk 00:53:04]}
{[%emt 00:00:10]} 21. Kf2 {[%clk 00:58:29]} {[%emt 00:00:08]} Nf4 {[%clk
00:53:17]} {[%emt 00:00:17]} 22. Rad1 {[%clk 00:56:19]} {[%emt 00:02:41]} Rad8
{[%clk 00:51:57]} {[%emt 00:01:48]} 23. Rd4 {[%clk 00:53:33]} {[%emt 00:03:17]}
Ne6 {[%clk 00:50:17]} {[%emt 00:02:10]} 24. Rg4 {[%clk 00:40:48]} {[%emt
00:13:15]} Ng5 {[%clk 00:48:52]} {[%emt 00:01:56]} 25. Rg3 {[%clk 00:38:27]}
{[%emt 00:02:51]} Be6 {[%clk 00:46:19]} {[%emt 00:03:03]} 26. Bb5 {[%clk
00:33:46]} {[%emt 00:05:10]} Bd7 {[%clk 00:32:11]} {[%emt 00:14:37]} 27. Bc4
{[%clk 00:33:33]} {[%emt 00:00:44]} b5 {[%clk 00:27:00]} {[%emt 00:05:42]} 28.
Bd5 {[%clk 00:23:56]} {[%emt 00:10:07]} Bf5 {[%clk 00:21:45]} {[%emt 00:05:45]}
29. Rd1 {[%clk 00:16:52]} {[%emt 00:07:33]} Be6 {[%clk 00:21:47]} {[%emt
00:00:28]} 30. f4 {[%clk 00:14:04]} {[%emt 00:03:19]} Rxd5 {[%clk 00:19:51]}
{[%emt 00:02:26]} 31. Rxd5 {[%clk 00:12:42]} {[%emt 00:01:51]} Ne4+ {[%clk
00:20:10]} {[%emt 00:00:11]} 32. Ke3 {[%clk 00:10:17]} {[%emt 00:02:55]} Nxg3
{[%clk 00:20:28]} {[%emt 00:00:12]} 0-1

[Event "ODJM B 2024"]
[Site "Willingen GER"]
[Date "2024.05.19"]
[Round "1"]
[White "Frank, Carolin"]
[Black "Ahmadov, Ahmad"]
[Result "1-0"]
[Termination "normal"]
[Board "33"]
[WhiteElo "1766"]
[BlackElo "1729"]
[WhiteClock "00:38:37"]
[BlackClock "01:25:03"]
[PlyCount "31"]
[WhiteFideId "16207190"]
[BlackFideId "34661018"]
[EventCountry "GER"]
[EventRounds "9"]
[EventType "swiss"]
[EventDate "2024.05.18"]

1. Nf3 {[%clk 01:30:57]} {[%emt 00:00:02]} d5 {[%clk 01:30:34]} {[%emt
00:00:26]} 2. g3 {[%clk 01:31:18]} {[%emt 00:00:09]} c5 {[%clk 01:30:43]}
{[%emt 00:00:21]} 3. Bg2 {[%clk 01:30:58]} {[%emt 00:00:51]} Nf6 {[%clk
01:30:37]} {[%emt 00:00:36]} 4. O-O {[%clk 01:29:24]} {[%emt 00:02:03]} e6
{[%clk 01:29:24]} {[%emt 00:01:43]} 5. d4 {[%clk 01:27:21]} {[%emt 00:02:33]}
Nc6 {[%clk 01:29:36]} {[%emt 00:00:18]} 6. c4 {[%clk 01:24:51]} {[%emt
00:03:01]} dxc4 {[%clk 01:29:24]} {[%emt 00:00:43]} 7. dxc5 {[%clk 01:24:59]}
{[%emt 00:00:21]} Qa5 {[%clk 01:29:15]} {[%emt 00:00:39]} 8. Bd2 {[%clk
00:58:34]} {[%emt 00:26:55]} Qxc5 {[%clk 01:28:51]} {[%emt 00:00:54]} 9. Na3
{[%clk 00:55:01]} {[%emt 00:04:03]} Be7 {[%clk 01:26:00]} {[%emt 00:03:20]} 10.
Rc1 {[%clk 00:51:55]} {[%emt 00:03:37]} b5 {[%clk 01:26:03]} {[%emt 00:00:27]}
11. Be3 {[%clk 00:49:15]} {[%emt 00:03:09]} Qf5 {[%clk 01:25:19]} {[%emt
00:01:11]} 12. Nh4 {[%clk 00:48:04]} {[%emt 00:01:44]} Qe5 {[%clk 01:24:38]}
{[%emt 00:01:12]} 13. Bxc6+ {[%clk 00:47:15]} {[%emt 00:01:19]} Bd7 {[%clk
01:25:00]} {[%emt 00:00:08]} 14. Bxa8 {[%clk 00:47:12]} {[%emt 00:00:32]} O-O
{[%clk 01:25:08]} {[%emt 00:00:21]} 15. Bd4 {[%clk 00:41:16]} {[%emt 00:06:26]}
Qg5 {[%clk 01:25:03]} {[%emt 00:00:36]} 16. Bg2 {[%clk 00:38:37]} {[%emt
00:03:09]} 1-0

[Event "ODJM B 2024"]
[Site "Willingen GER"]
[Date "2024.05.19"]
[Round "1"]
[White "Reif, Karla"]
[Black "Wilmink, Luca"]
[Result "0-1"]
[Termination "normal"]
[Board "34"]
[WhiteElo "1701"]
[BlackElo "1737"]
[WhiteClock "00:12:41"]
[BlackClock "00:27:50"]
[PlyCount "100"]
[WhiteFideId "12971871"]
[BlackFideId "16245253"]
[EventCountry "GER"]
[EventRounds "9"]
[EventType "swiss"]
[EventDate "2024.05.18"]

1. b3 {[%clk 01:30:57]} {[%emt 00:00:03]} c5 {[%clk 01:29:11]} {[%emt
00:01:49]} 2. Bb2 {[%clk 01:29:11]} {[%emt 00:02:16]} d5 {[%clk 01:28:11]}
{[%emt 00:01:31]} 3. d3 {[%emt 00:02:32]} Bf5 {[%emt 00:00:24]} 4. Nd2 {[%emt
00:01:58]} Nf6 {[%emt 00:00:18]} 5. g3 {[%emt 00:02:42]} Nc6 {[%clk 01:23:14]}
{[%emt 00:00:02]} 6. Ngf3 {[%emt 00:01:42]} e6 {[%emt 00:01:15]} 7. Bg2 {[%emt
00:02:51]} Be7 {[%emt 00:00:29]} 8. O-O {[%emt 00:00:18]} O-O {[%emt 00:07:40]}
9. Re1 {[%clk 01:23:16]} {[%emt 00:02:18]} Qc7 {[%clk 01:10:27]} {[%emt
00:06:09]} 10. e4 {[%clk 01:20:35]} {[%emt 00:03:11]} Bg4 {[%clk 01:09:16]}
{[%emt 00:01:39]} 11. e5 {[%clk 01:10:15]} {[%emt 00:10:53]} Nd7 {[%emt
00:01:56]} 12. h3 {[%clk 01:09:22]} Bh5 {[%emt 00:08:14]} 13. g4 {[%clk
00:59:50]} {[%emt 00:02:26]} Bg6 {[%emt 00:09:45]} 14. h4 {[%emt 00:04:43]} h5
{[%emt 00:02:54]} 15. Bh3 {[%clk 00:48:06]} {[%emt 00:00:09]} d4 {[%emt
00:03:32]} 16. Qe2 {[%emt 00:01:40]} Nb4 {[%emt 00:04:55]} 17. Nc4 {[%clk
00:41:24]} {[%emt 00:00:09]} b5 {[%clk 01:03:29]} {[%emt 00:00:45]} 18. a3
{[%clk 00:41:32]} {[%emt 00:00:22]} bxc4 {[%clk 00:59:02]} {[%emt 00:04:56]}
19. axb4 {[%clk 00:41:43]} {[%emt 00:00:19]} c3 {[%clk 00:59:22]} {[%emt
00:00:10]} 20. Bc1 {[%clk 00:41:56]} {[%emt 00:00:17]} cxb4 {[%clk 00:58:56]}
{[%emt 00:00:56]} 21. Nxd4 {[%emt 00:04:42]} hxg4 {[%emt 00:09:51]} 22. Bxg4
{[%clk 00:26:57]} {[%emt 00:00:46]} Bxh4 23. Kg2 {[%emt 00:14:08]} Rfd8 {[%emt
00:08:10]} 24. Rh1 {[%emt 00:01:45]} Nxe5 {[%clk 00:46:12]} {[%emt 00:00:03]}
25. Bf4 {[%clk 00:17:28]} Bf6 {[%clk 00:44:40]} {[%emt 00:04:20]} 26. Nb5
{[%clk 00:16:27]} Qb7+ {[%clk 00:44:46]} {[%emt 00:01:54]} 27. Bf3 {[%clk
00:14:29]} Nxf3 {[%clk 00:44:50]} {[%emt 00:04:42]} 28. Qxf3 {[%clk 00:16:56]}
Qxb5 {[%clk 00:45:09]} {[%emt 00:00:13]} 29. Qh3 {[%clk 00:16:14]} Qd5+ {[%clk
00:44:03]} {[%emt 00:02:47]} 30. f3 {[%clk 00:16:30]} Kf8 {[%clk 00:44:24]}
{[%emt 00:00:23]} 31. Be3 {[%clk 00:16:08]} Bf5 {[%clk 00:41:05]} {[%emt
00:04:41]} 32. Qg3 {[%clk 00:15:54]} Be5 {[%clk 00:34:55]} {[%emt 00:07:23]}
33. Rh8+ {[%clk 00:13:41]} Ke7 {[%clk 00:34:55]} 34. Rxd8 {[%clk 00:13:41]}
Kxd8 {[%clk 00:34:55]} 35. Qh4+ {[%clk 00:13:41]} Kd7 {[%clk 00:34:55]} 36.
Qxb4 {[%clk 00:13:41]} a5 {[%clk 00:30:14]} {[%emt 00:10:34]} 37. Qa4+ {[%clk
00:12:29]} Qc6 {[%clk 00:29:27]} {[%emt 00:03:19]} 38. Qh4 {[%clk 00:12:50]} g6
{[%clk 00:29:00]} {[%emt 00:01:08]} 39. Bf4 {[%clk 00:12:13]} Qd6 {[%clk
00:27:36]} {[%emt 00:02:59]} 40. Bxe5 {[%clk 00:12:16]} Qxe5 {[%clk 00:27:50]}
{[%emt 00:00:45]} 41. Qa4+ {[%clk 00:12:41]} Ke7 {[%clk 00:27:50]} 42. Qc6
{[%clk 00:12:41]} Rh8 {[%clk 00:27:50]} 43. Rh1 {[%clk 00:12:41]} Qe2+ {[%clk
00:27:50]} 44. Kg1 {[%clk 00:12:41]} Qe1+ {[%clk 00:27:50]} 45. Kg2 {[%clk
00:12:41]} Qxh1+ {[%clk 00:27:50]} 46. Kf2 {[%clk 00:12:41]} Qh2+ {[%clk
00:27:50]} 47. Kf1 {[%clk 00:12:41]} Bh3+ {[%clk 00:27:50]} 48. Ke1 {[%clk
00:12:41]} Qg1+ {[%clk 00:27:50]} 49. Ke2 {[%clk 00:12:41]} Bf1+ {[%clk
00:27:50]} 50. Ke1 {[%clk 00:12:41]} Bxd3# {[%clk 00:27:50]} 0-1

[Event "ODJM B 2024"]
[Site "Willingen GER"]
[Date "2024.05.19"]
[Round "1"]
[White "Kelembet, Artem"]
[Black "Menne, Lukas"]
[Result "1-0"]
[Termination "normal"]
[Board "35"]
[WhiteElo "1654"]
[BlackElo "1636"]
[WhiteClock "01:28:39"]
[BlackClock "01:25:37"]
[PlyCount "41"]
[WhiteFideId "34684727"]
[BlackFideId "16288467"]
[EventCountry "GER"]
[EventRounds "9"]
[EventType "swiss"]
[EventDate "2024.05.18"]

1. Nf3 {[%clk 01:30:59]} d5 {[%clk 01:30:50]} {[%emt 00:00:10]} 2. d4 {[%clk
01:31:23]} {[%emt 00:00:06]} Nf6 {[%clk 01:31:12]} {[%emt 00:00:08]} 3. c4
{[%clk 01:31:47]} {[%emt 00:00:05]} c6 {[%clk 01:31:28]} {[%emt 00:00:15]} 4.
e3 {[%clk 01:31:50]} {[%emt 00:00:27]} e6 {[%clk 01:31:47]} {[%emt 00:00:10]}
5. Nbd2 {[%clk 01:32:14]} {[%emt 00:00:07]} dxc4 {[%clk 01:31:38]} {[%emt
00:00:40]} 6. Nxc4 {[%clk 01:32:21]} {[%emt 00:00:23]} b5 {[%clk 01:31:42]}
{[%emt 00:00:26]} 7. Nce5 {[%clk 01:32:46]} {[%emt 00:00:05]} Bb7 {[%clk
01:30:59]} {[%emt 00:01:13]} 8. Ng5 {[%clk 01:31:52]} {[%emt 00:01:23]} Bb4+
{[%clk 01:30:15]} {[%emt 00:01:14]} 9. Bd2 {[%clk 01:31:48]} {[%emt 00:00:34]}
Bxd2+ {[%clk 01:30:13]} {[%emt 00:00:32]} 10. Qxd2 {[%clk 01:32:10]} {[%emt
00:00:08]} O-O {[%clk 01:30:24]} {[%emt 00:00:18]} 11. Bd3 {[%clk 01:31:40]}
{[%emt 00:01:01]} Nbd7 {[%clk 01:29:50]} {[%emt 00:01:04]} 12. O-O {[%clk
01:29:03]} {[%emt 00:03:07]} h6 {[%clk 01:29:38]} {[%emt 00:00:43]} 13. Ngf3
{[%clk 01:29:25]} {[%emt 00:00:07]} Nxe5 {[%clk 01:29:06]} {[%emt 00:01:02]}
14. Nxe5 {[%clk 01:29:42]} {[%emt 00:00:13]} Nd7 {[%clk 01:27:52]} {[%emt
00:01:43]} 15. f4 {[%clk 01:29:30]} {[%emt 00:00:42]} Nxe5 {[%clk 01:28:07]}
{[%emt 00:00:16]} 16. fxe5 {[%clk 01:29:51]} {[%emt 00:00:09]} a6 {[%clk
01:28:13]} {[%emt 00:00:24]} 17. Rac1 {[%clk 01:28:33]} {[%emt 00:01:49]} Rc8
{[%clk 01:28:21]} {[%emt 00:00:21]} 18. Rc5 {[%clk 01:28:45]} {[%emt 00:00:18]}
Rc7 {[%clk 01:26:56]} {[%emt 00:01:55]} 19. Bb1 {[%clk 01:28:10]} {[%emt
00:01:05]} Rd7 {[%clk 01:26:24]} {[%emt 00:01:02]} 20. Qc2 {[%clk 01:28:20]}
{[%emt 00:00:20]} Rd5 {[%clk 01:25:37]} {[%emt 00:01:17]} 21. Qh7# {[%clk
01:28:39]} {[%emt 00:00:10]} 1-0

[Event "ODJM B 2024"]
[Site "Willingen GER"]
[Date "2024.05.19"]
[Round "1"]
[White "Hildebrand, Azat"]
[Black "Beckmann, Jonathan"]
[Result "0-1"]
[Termination "normal"]
[Board "36"]
[WhiteElo "1681"]
[BlackElo "1827"]
[WhiteClock "00:16:04"]
[BlackClock "00:25:40"]
[PlyCount "58"]
[WhiteFideId "34607536"]
[BlackFideId "34672591"]
[EventCountry "GER"]
[EventRounds "9"]
[EventType "swiss"]
[EventDate "2024.05.18"]

1. d4 {[%clk 01:30:54]} {[%emt 00:00:06]} Nf6 {[%clk 01:30:54]} {[%emt
00:00:06]} 2. Nf3 {[%clk 01:31:16]} {[%emt 00:00:08]} c5 {[%clk 01:31:07]}
{[%emt 00:00:16]} 3. e3 {[%clk 01:31:23]} {[%emt 00:00:24]} e6 {[%clk
01:31:25]} {[%emt 00:00:12]} 4. Bd3 {[%clk 01:31:16]} {[%emt 00:00:37]} b6
{[%clk 01:31:28]} {[%emt 00:00:27]} 5. Nbd2 {[%clk 01:30:29]} {[%emt 00:01:17]}
Bb7 {[%clk 01:31:21]} {[%emt 00:00:36]} 6. e4 {[%clk 01:27:08]} {[%emt
00:03:52]} d6 {[%clk 01:28:37]} {[%emt 00:03:14]} 7. O-O {[%clk 01:24:31]}
{[%emt 00:03:07]} cxd4 {[%clk 01:22:40]} {[%emt 00:06:28]} 8. Nxd4 {[%clk
01:24:14]} {[%emt 00:00:46]} Be7 {[%clk 01:22:44]} {[%emt 00:00:25]} 9. f3
{[%clk 01:15:20]} {[%emt 00:09:25]} O-O {[%clk 01:21:14]} {[%emt 00:02:00]} 10.
N2b3 {[%clk 01:04:50]} {[%emt 00:11:00]} Nbd7 {[%clk 01:17:11]} {[%emt
00:04:32]} 11. Be3 {[%clk 01:02:26]} {[%emt 00:02:55]} d5 {[%clk 01:13:00]}
{[%emt 00:04:40]} 12. Nd2 {[%clk 00:59:03]} {[%emt 00:03:54]} Ne5 {[%clk
00:53:47]} {[%emt 00:19:43]} 13. Qe2 {[%clk 00:49:51]} {[%emt 00:09:42]} Rc8
{[%clk 00:45:19]} {[%emt 00:08:57]} 14. exd5 {[%clk 00:45:02]} {[%emt
00:05:20]} Nxd5 {[%clk 00:43:01]} {[%emt 00:02:48]} 15. f4 {[%clk 00:43:27]}
{[%emt 00:02:04]} Nxe3 {[%clk 00:40:55]} {[%emt 00:02:37]} 16. Qxe3 {[%clk
00:43:27]} {[%emt 00:00:30]} Ng4 {[%clk 00:37:33]} {[%emt 00:03:51]} 17. Bxh7+
{[%clk 00:28:20]} {[%emt 00:15:37]} Kxh7 {[%clk 00:37:31]} {[%emt 00:00:31]}
18. Qh3+ {[%clk 00:27:31]} {[%emt 00:01:20]} Nh6 {[%clk 00:37:41]} {[%emt
00:00:20]} 19. N2f3 {[%clk 00:24:04]} {[%emt 00:03:57]} Bc5 {[%clk 00:33:27]}
{[%emt 00:04:44]} 20. c3 {[%clk 00:22:02]} {[%emt 00:02:33]} Bxf3 {[%clk
00:32:31]} {[%emt 00:01:26]} 21. Rxf3 {[%clk 00:21:43]} {[%emt 00:00:49]} Bxd4+
{[%clk 00:32:36]} {[%emt 00:00:24]} 22. cxd4 {[%clk 00:21:34]} {[%emt
00:00:39]} Qxd4+ {[%clk 00:32:59]} {[%emt 00:00:07]} 23. Kh1 {[%clk 00:20:40]}
{[%emt 00:01:24]} Qxb2 {[%clk 00:32:03]} {[%emt 00:01:26]} 24. Rff1 {[%clk
00:20:23]} {[%emt 00:00:47]} Rfd8 {[%clk 00:30:51]} {[%emt 00:01:41]} 25. g4
{[%clk 00:18:50]} {[%emt 00:02:04]} Rc2 {[%clk 00:26:54]} {[%emt 00:04:28]} 26.
g5 {[%clk 00:17:40]} {[%emt 00:01:40]} Rdd2 {[%clk 00:27:13]} {[%emt 00:00:11]}
27. Rfb1 {[%clk 00:16:22]} {[%emt 00:01:48]} Rxh2+ {[%clk 00:27:21]} {[%emt
00:00:22]} 28. Kg1 {[%clk 00:16:13]} {[%emt 00:00:39]} Rc1+ {[%clk 00:25:40]}
{[%emt 00:02:03]} 29. Rxc1 {[%clk 00:16:04]} {[%emt 00:00:47]} Qf2# {[%emt
00:00:07]} 0-1